Online Catalogue and eLibrary

Vedana manava samajaya (Record no. 2491)

MARC details
000 -LEADER
fixed length control field 00412nam a2200145Ia 4500
005 - DATE AND TIME OF LATEST TRANSACTION
control field 20250623015559.0
008 - FIXED-LENGTH DATA ELEMENTS--GENERAL INFORMATION
fixed length control field 240331s9999 xx 000 0 und d
082 ## - DDC Classification
Item Number - Author Mark MAS
Class No. 323
100 ## - MAIN ENTRY--PERSONAL NAME
Personal name Masani, M
245 #0 - TITLE STATEMENT
Title Vedana manava samajaya
260 ## - PUBLICATION, DISTRIBUTION, ETC.
Place of publication, distribution, etc. Maharagama
Name of publisher, distributor, etc. Limited Saman Publishers
300 ## - PHYSICAL DESCRIPTION
Extent (e.g. Volumes, Pages etc.) 151 p .,
500 ## - GENERAL NOTE
General note A book on Growing human society - ( from the tribe to the world community)
942 ## - Koha item type (Biblio)
Koha item type Books in Stacks (Lending)
Holdings
Lost status Damaged status Collection code Home library Current library Shelving location Date acquired Full call number Accession Number Item type
    Lending WERC Library WERC Library Social Science Cupboard 03/31/2024 323.4 MAS 3478 Books in Stacks (Lending)

© WERC Library